| 000 | 00821nab a2200253 u 4500 | ||
|---|---|---|---|
| 001 | 16899 | ||
| 003 | HDC | ||
| 007 | cr bn ---aaaaa | ||
| 008 | 210222c20100628xx dr|noo 0 a eng d | ||
| 040 | _aHDC | ||
| 100 |
_aWong, Li Za _eauthor _916547 |
||
| 245 | 0 |
_aMalaysia: Halal benchmark / by _cWong Li Za |
|
| 260 |
_a[No place] : _b[publisher not identified], _c2010 |
||
| 336 |
_atext _2rdacontent |
||
| 337 |
_acomputer _2rdamedia |
||
| 338 |
_aonline resource _2rdacarrier |
||
| 650 |
_ahalal food _950 |
||
| 650 |
_ahalal industry _zMalaysia _9204 |
||
| 710 | _aHalal Focus | ||
| 856 | _zRequest full-text at [email protected] | ||
| 942 | _2lcc | ||
| 942 | _cNEWS | ||
| 942 | _kNWSO 005799 | ||
| 999 |
_c14215 _d14215 |
||